Southville International School and Colleges
Your cart is empty.
  • Cart
  • Lists
    Public lists Eva Luna New books Lux_list list_1
    Your lists Log in to create your own lists
  • Log in to your account
  • Your cookies
  • Search history
Southville International School and Colleges
  • Advanced search
  • Recent comments
  • Most popular
  • Libraries

Log in to your account

Log in with GOOGLE


If you do not have an external account, but do have a local account, you can still log in:

  1. Home
  2. MARC view: Tiger tale /
Normal view MARC view ISBD view

Tiger tale / (Record no. 22912)

[ view plain ]
MARC details
000 -LEADER
fixed length control field 00461nam a2200181 a 4500
005 - DATE AND TIME OF LATEST TRANSACTION
control field 20140310183436.0
008 - FIXED-LENGTH DATA ELEMENTS--GENERAL INFORMATION
fixed length control field 080313s19uu xx 00 eng d
020 ## - INTERNATIONAL STANDARD BOOK NUMBER
International Standard Book Number 0743424301
050 ## - LIBRARY OF CONGRESS CALL NUMBER
Classification number PZ 7
Item number .Od25S41 2002
100 ## - MAIN ENTRY--PERSONAL NAME
Personal name Odom, Mel
245 ## - TITLE STATEMENT
Title Tiger tale /
Statement of responsibility, etc Mel Odom.
260 ## - PUBLICATION, DISTRIBUTION, ETC. (IMPRINT)
Place of publication, distribution, etc New York :
Name of publisher, distributor, etc Simon Pulse,
Date of publication, distribution, etc 2002.
300 ## - PHYSICAL DESCRIPTION
Extent 135 p. :
Dimensions 18 cm.
440 ## - SERIES STATEMENT/ADDED ENTRY--TITLE
Title Sabrina the teenage witch.
650 ## - SUBJECT ADDED ENTRY--TOPICAL TERM
Topical term or geographic name as entry element Fiction.
942 ## - ADDED ENTRY ELEMENTS (KOHA)
Koha item type Books
Source of classification or shelving scheme Library of Congress Classification
Holdings
Withdrawn status Lost status Source of classification or shelving scheme Damaged status Home library Current library Shelving location Date acquired Total Checkouts Full call number Barcode Date last seen Copy number Price effective from Koha item type
    Library of Congress Classification   College Library College Library Fiction Section 03/13/2008   PZ 7 .Od25S41 2002 C9172 05/08/2018 1 10/18/2013 Books

Tiger tale /

APA

Odom M., . (2002). Tiger tale. New York: Simon Pulse.

Chicago

Odom Mel, . 2002. Tiger tale. New York: Simon Pulse.

Harvard

Odom M., . (2002). Tiger tale. New York: Simon Pulse.

MLA

Odom Mel, . Tiger tale. New York: Simon Pulse. 2002.

  • Place hold
  • Print
  • Cite
  • Add to your cart (remove)
  • Save record
    BIBTEX Dublin Core MARCXML MARC (non-Unicode/MARC-8) MARC (Unicode/UTF-8) MARC (Unicode/UTF-8, Standard) MODS (XML) RIS
  • More searches
    Search for this title in:
    Other Libraries (WorldCat) Other Databases (Google Scholar) Online Stores (Bookfinder.com) Open Library (openlibrary.org)

Exporting to Dublin Core...

SOUTHVILLE LIBRARY

Southville International School and Colleges Library

1281 Tropical Ave. Cor. Luxembourg St., BF Homes International, Las Pinas City

Tel. No. 8256374 / 252358 Loc. 117/146

Powered by Koha